00638nam a2200193Ia 4500952014600000999001700146003000400163005001700167008004100184020001800225040000900243082002200252100002300274245004400297260003200341300000800373650001300381942005000394 00102ddc40708SSaMESbMEScMALd2019-02-20g35.00l2m1o894.812301 VIJ/Ep34980r2022-10-25 00:00:00s2022-10-10w2019-02-20yBKzGR31R1 c29755d29755OSt20210107095322.0190216s9999||||xx |||||||||||||| ||und|| a9788126406012 coclc a894.812301bVIJ/E aVijayan, O V91775 0aEnte Priyapetta Kathakal /cO V Vijayan bDc Books,c2010.aKottayam: a56p aKathakal cBK2ddch894.812301iVIJ/Ek894.812301mVIJ/E